000
00261nam a2200109Ia 4500
008
190216s9999||||xx |||||||||||||| ||und||
100
_a
Raj K Bansal
245
0
_a
Textbook Of Organic Chemistry
260
_b
Wiley Eastern Ltd
_c
1985
300
_a
840p
942
_c
BK
999
_c
2843
_d
2843